| 000 | 01061nam a22001937a 4500 | ||
|---|---|---|---|
| 003 | OSt | ||
| 005 | 20260416021418.0 | ||
| 008 | 260416b |||||||| |||| 00| 0 eng d | ||
| 040 |
_aDWC-Main lib. _cOC |
||
| 082 | _aFil. 348.044 Su959 | ||
| 110 | _aEDITORIAL STAFF OF THE CENTRAL LAWBOOK PUBLISHING CO., INC | ||
| 245 |
_aSupreme Court reports : _bannotated/ _cEDITORIAL STAFF OF THE CENTRAL LAWBOOK PUBLISHING CO., INC |
||
| 260 |
_aManila, Philippines : _bCentral Lawbook Publishing Company, Inc. |
||
| 300 |
_avarious paging : _c23 cm. |
||
| 501 | _aVolume 241 to 250 | ||
| 504 | _av.231 - March 10 to April 26, 1994 v.232 - April 28 to June 6, 1994 v.233 - June 7 to July 7, 1994 v.234 - July 8 to August 3, 1994 v.235 - August 4 to August 25, 1994 v.236 - August 30 to September 23, 1994 v.237 - September 26 to October 28, 1994 v.238 - November 7 to December 5, 1994 v.239 - December 6 to December 29, 1994 v.240 - January 2 to january 31, 1995 | ||
| 650 | _a1. Law reports, digests, etc.--- Philippines. | ||
| 942 |
_2ddc _cBK - FIL _hFil. _n0 |
||
| 999 |
_c9479 _d9479 |
||